Pays européens commençant et finissant par une consonne - Statistiques

Statistiques générales
  • Ce quiz a été pris 100 fois
  • Le résultat moyen est 7 sur 8
Statistiques - réponses
Pays % Correct
Portugal
97%
Danemark
91%
Vatican
91%
Liechtenstein
90%
Pays-Bas
90%
Luxembourg
86%
Saint-Marin
84%
Macédoine du Nord
61%
Aucun quiz correspondant
Distribution des résultats
% des personnes avec chaque résultat
Percentile par nombre de réponses
Votre historique - résultats
Vous n’avez pas pris ce quiz